Hagaluganasu. (Record no. 99458)

MARC details
000 -LEADER
fixed length control field 01294nam a2200241Ia 4500
003 - CONTROL NUMBER IDENTIFIER
control field OSt
005 - DATE AND TIME OF LATEST TRANSACTION
control field 20260526121056.0
008 - FIXED-LENGTH DATA ELEMENTS--GENERAL INFORMATION
fixed length control field 210210b1995 xxu||||| |||| 00| 0 eng d
020 ## - INTERNATIONAL STANDARD BOOK NUMBER
International Standard Book Number 81 237 1423 8
040 ## - CATALOGING SOURCE
Transcribing agency AL
041 ## - LANGUAGE CODE
Language code of text/sound track or separate title Kannada
082 ## - DEWEY DECIMAL CLASSIFICATION NUMBER
Classification number 370.15K GIJH
100 ## - MAIN ENTRY--PERSONAL NAME
Personal name GIJUBHAI BADHEKA.
Dates associated with a name ಗಿಜುಭಾಯಿ ಬಧೇಕಾ
9 (RLIN) 264587
245 ## - TITLE STATEMENT
Title Hagaluganasu.
Remainder of title ಹಗಲುಗನಸು
260 ## - PUBLICATION, DISTRIBUTION, ETC.
Place of publication, distribution, etc. India.
Name of publisher, distributor, etc. Nyational Buk Trast.,
Date of publication, distribution, etc. 1995
300 ## - PHYSICAL DESCRIPTION
Extent vi,89
520 ## - SUMMARY, ETC.
Summary, etc. ಸಾಂಪ್ರದಾಯಿಕ ಮತ್ತು ಬಲವಂತದ ಶಿಕ್ಷಣ ಪದ್ಧತಿಯನ್ನು ವಿರೋಧಿಸುವ ಓರ್ವ ಆದರ್ಶ ಶಿಕ್ಷಕನ ಕಥೆ ಇದಾಗಿದೆ. ಪುಸ್ತಕಗಳನ್ನು ಕಂಠಪಾಠ ಮಾಡಿಸುವ ಬದಲು, ಮಕ್ಕಳ ಕುತೂಹಲ, ಸೃಜನಶೀಲತೆ ಮತ್ತು ಆಸಕ್ತಿಯನ್ನು ಆಧರಿಸಿ ಕಲಿಸುವುದು ಹೇಗೆ ಎಂಬುದನ್ನು ಇದು ವಿವರಿಸುತ್ತದೆ.
650 ## - SUBJECT ADDED ENTRY--TOPICAL TERM
Topical term or geographic name entry element ದಿವಾಸ್ವಪ್ನ Gijubhai's Divaswapna
9 (RLIN) 264588
690 ## - LOCAL SUBJECT ADDED ENTRY--TOPICAL TERM (OCLC, RLIN)
Topical term or geographic name as entry element Education
9 (RLIN) 264589
700 ## - ADDED ENTRY--PERSONAL NAME
Personal name D R Baluragi
Dates associated with a name ದ.ರಾ. ಬಳೂರಗಿ. tr.
9 (RLIN) 264590
906 ## - LOCAL DATA ELEMENT F, LDF (RLIN)
a 050848
942 ## - ADDED ENTRY ELEMENTS (KOHA)
Source of classification or shelving scheme Dewey Decimal Classification
Koha item type Book
Holdings
Withdrawn status Lost status Source of classification or shelving scheme Damaged status Not for loan Collection code Home library Current library Shelving location Date acquired Cost, normal purchase price Total Checkouts Full call number Barcode Date last seen Uniform Resource Identifier Price effective from Koha item type
    Dewey Decimal Classification     Social Work St Aloysius Library St Aloysius Library   02/17/2021 210.00   370.15K GIJH 050848 02/17/2021 https://www.arvindguptatoys.com/arvindgupta/divaswapna-kannada.pdf 02/17/2021 Book